Visualizing sustainable planning (Record no. 2443)

MARC details
000 -LEADER
fixed length control field 00578nam a2200217Ia 4500
003 - CONTROL NUMBER IDENTIFIER
control field OSt
005 - DATE AND TIME OF LATEST TRANSACTION
control field 20220107122658.0
008 - FIXED-LENGTH DATA ELEMENTS--GENERAL INFORMATION
fixed length control field 130318s9999 xx 000 0 und d
020 ## - INTERNATIONAL STANDARD BOOK NUMBER
International Standard Book Number 9783540882022
040 ## - CATALOGING SOURCE
Transcribing agency IIITMK
082 ## - DEWEY DECIMAL CLASSIFICATION NUMBER
Classification number 912 STE/V
100 ## - MAIN ENTRY--PERSONAL NAME
Personal name Steinbach, Gerhard
9 (RLIN) 11462
245 ## - TITLE STATEMENT
Title Visualizing sustainable planning
260 ## - PUBLICATION, DISTRIBUTION, ETC.
Name of publisher, distributor, etc. Springer
Place of publication, distribution, etc. Germany
Date of publication, distribution, etc. 2009
300 ## - PHYSICAL DESCRIPTION
Extent 262
650 ## - SUBJECT ADDED ENTRY--TOPICAL TERM
Topical term or geographic name entry element URBAN AND REGIONAL PLANNING
9 (RLIN) 11463
650 ## - SUBJECT ADDED ENTRY--TOPICAL TERM
Topical term or geographic name entry element ECOLOGY-PLANNING
9 (RLIN) 11464
700 ## - ADDED ENTRY--PERSONAL NAME
Personal name Guhathakurta, Subhrajit
9 (RLIN) 11465
700 ## - ADDED ENTRY--PERSONAL NAME
Personal name Hagen, Hans
9 (RLIN) 11466
942 ## - ADDED ENTRY ELEMENTS (KOHA)
Source of classification or shelving scheme Dewey Decimal Classification
Koha item type Books
Holdings
Withdrawn status Lost status Damaged status Not for loan Home library Current library Shelving location Date acquired Cost, normal purchase price Total Checkouts Full call number Barcode Date last seen Date last checked out Price effective from Koha item type
        Kerala University of Digital Sciences, Innovation and Technology Knowledge Centre Kerala University of Digital Sciences, Innovation and Technology Knowledge Centre Biography 18/03/2013 4932.00 3 912 STE/V 2463 16/04/2024 11/01/2024 18/03/2013 Books